| 000 | 00379nam a22001457a 4500 | ||
|---|---|---|---|
| 005 | 20241128095900.0 | ||
| 008 | 241128b |||||||| |||| 00| 0 eng d | ||
| 050 |
_aPN4731. _bA33 AHU |
||
| 100 | _aAHUJA, B.N. | ||
| 245 | _aTHEORY AND PRACTICE OF JOURNALISM | ||
| 260 |
_aKAMLA NAGAR _bSURJEET PUBLICATIONS _c2008 |
||
| 300 | _a375P | ||
| 500 | _aBIBLIOGRAPHY | ||
| 942 |
_2lcc _cBK _n0 |
||
| 999 |
_c1677 _d1677 |
||